[Event "6th Vardaris Open 2020"]
[Site "Thessaloniki"]
[Date "2020.03.01"]
[Round "5.1"]
[White "Zeng, Chongsheng"]
[Black "Lu, Shanglei"]
[Result "1-0"]
[WhiteElo "2567"]
[BlackElo "2615"]
[Annotator "TA"]
[PlyCount "73"]
[EventDate "2020.02.27"]
[EventType "swiss"]
[EventCountry "GRE"]
[SourceTitle "playchess.com"]
[Source "ChessBase"]
[SourceQuality "1"]

{[%evp 17,73,0,0,0,0,0,0,0,0,0,4,0,0,0,0,-8,19,10,14,14,12,19,21,24,56,79,460,455,385,474,450,455,296,398,394,393,1046,1009,29987,12832,12833,12833,12833,12834,12834,12835,12834,621,12831,603,12839,12839,12840,12840,12841,12841,12841,12842]} 1. e4 c5 2. Nf3 d6 3. d4 cxd4 4. Nxd4 Nf6 5. Nc3 a6 6. Bc4 e6 7. Bb3 b5 8. Bg5 Be7 9. Qf3 Qc7 10. e5 {B87: Sicilian Scheveningen/Najdorf: 6 Bc4, with early ...b5.} Bb7 11. exd6 $1 Bxd6 12. Qe3 {The position is equal.} Be5 ({Not} 12... Bxg2 $2 13. Rg1 $18) 13. O-O-O O-O ({Don't blunder} 13... Bxg2 $2 14. Ndxb5 $1 {[%mdl 512]} axb5 15. Nxb5 $16) 14. f4 Bxd4 $1 15. Rxd4 Nbd7 ({Don't go for} 15... Bxg2 $2 16. Rg1 $18) 16. Rhd1 Bc6 17. g4 a5 {And now ...a4 would win.} 18. Bxf6 $1 Nxf6 19. g5 $1 $36 {[%cal Rg5f6][%mdl 2048] White is pushing.} Nd7 20. a4 b4 21. Ne4 Nb6 $2 {[%mdl 8192] [#] Black cannot hold the game after this.} (21... Rad8 $16 {is tougher.}) 22. Nf6+ $146 {[%mdl 512]} ({Predecessor:} 22. f5 Qe5 23. fxe6 fxe6 24. Qg3 Qxg3 25. Bxe6+ Kh8 26. hxg3 Nxa4 27. Nd6 g6 28. Nf7+ {1-0 (34) Miton,K (2580)-Czakon,J (2510) Karpacz 2008}) 22... gxf6 23. gxf6 {White wants to mate with Qg3+.} Kh8 {[#]} 24. f5 $1 {[%mdl 512] White threatens Qh6! and mate.} Qxh2 {White must now prevent ...Nd5.} (24... exf5 25. Qh6) 25. fxe6 fxe6 {...Bd5 is the strong threat.} 26. f7 Bd5 $2 (26... Rxf7 27. Qxe6 {[%mdl 64] Double Attack} Raf8) 27. Rh4 Qd6 28. Qf2 (28. Rf1 $142 Ra7 29. Rxh7+ Kxh7 30. Qh3+ Kg7 31. Qg4+ Kh8 32. Qh4+ Kg7 33. Qf6+ Kh7 34. Bxd5 {[%mdl 64] Pin}) 28... Qe5 {White is clearly winning.} 29. Bxd5 Nxd5 30. Rdh1 {[%csl Gh1][%cal Rh4h7]} Qg5+ 31. Kb1 {[%csl Gh1][%cal Rh4h7]} Kg7 32. Rxh7+ Kg6 {intending ...b3.} 33. Qe2 (33. Qd4 $142 Nf6 34. Qd3+ Qf5 35. R1h6+ Kg5 36. Qe3+ Qf4 {[#]} 37. Qh3 $1 {[%mdl 512]}) 33... Rxf7 34. Qxe6+ Rf6 35. Qd7 {[%csl Gd7][%cal Rh7g7]} Rg8 {[#]} 36. R7h6+ $1 {[%mdl 576] Deflection} Qxh6 37. Rg1+ {Accuracy: White = 87%, Black = 56%.} 1-0

[Event "6th Vardaris Open 2020"]
[Site "Thessaloniki"]
[Date "2020.03.01"]
[Round "5.2"]
[White "Deligiannis, Paraskevas"]
[Black "Krysa, Leandro"]
[Result "0-1"]
[WhiteElo "2038"]
[BlackElo "2523"]
[Annotator "TA"]
[PlyCount "62"]
[EventDate "2020.02.27"]
[EventType "swiss"]
[EventCountry "GRE"]
[SourceTitle "playchess.com"]
[Source "ChessBase"]
[SourceQuality "1"]

{[%evp 9,62,0,18,7,15,0,0,-3,1,0,4,-8,-6,-28,-28,-31,-42,-22,0,0,-5,-7,0,-64,-57,-54,-28,-117,-107,-285,-312,-297,-283,-526,-529,-608,-575,-692,-497,-963,-970,-941,-941,-941,-884,-884,-879,-1152,-1129,-2225,-2041,-2550,-1259,-1259,-1245]} 1. c4 e5 2. g3 Nf6 3. Bg2 h6 4. Nc3 Bb4 5. e4 O-O 6. Nge2 {A20: English Opening: 1...e5.} Nc6 7. O-O Bc5 8. d3 {The position is equal.} a6 9. h3 d6 10. Kh2 {[#]} b5 $1 {[%mdl 512]} 11. cxb5 axb5 12. Nxb5 Ba6 $36 {[%mdl 2048] [#] White is under pressure.} 13. Nec3 $146 ({Predecessor:} 13. Na3 Nb4 14. Nc4 Bxc4 15. dxc4 Nxa2 16. Bd2 Nb4 17. Rb1 Re8 18. Nc1 Qb8 19. f4 {1-0 (33) Ubilava,E (2533)-Maze,S (2510) Navalmoral 2006}) 13... Rb8 14. Na3 Bxa3 15. bxa3 Nd7 16. Qg4 (16. Nd5 $11) 16... Kh8 $15 17. Rd1 Nc5 18. Bf1 (18. Be3 $11 {keeps the balance.}) 18... Nd4 $17 19. Rb1 $2 {White does not recover from this.} (19. Qh5 $17 {was worth a try.}) 19... Rxb1 $19 20. Nxb1 {[#]} f5 $1 {[%cal Rf5g4]} 21. exf5 $2 (21. Qh5 Bb5 22. Bg2) 21... Bb7 {Black is clearly winning.} 22. Nd2 Rxf5 23. f4 Qf6 24. Ne4 (24. Bg2 $142 Bxg2 25. Kxg2) 24... Nxe4 25. dxe4 h5 26. Qxf5 Nxf5 27. exf5 Qxf5 {...Qc2+ is the strong threat.} 28. Bd3 Qe6 {( -> ...Qd5!)} 29. Re1 Qxa2+ 30. Re2 Qd5 (30... Qb3 $142 31. Rb2 Qxd3 32. fxe5 dxe5 33. Rxb7 Qe2+ 34. Kg1 Qe1+ {[%mdl 64] Double Attack} 35. Kg2 Qe4+ {[%mdl 64] Double Attack} 36. Kf2 Qxb7) 31. Be4 {[#]} Qd1 $1 {Accuracy: White = 34%, Black = 84%.} 0-1

[Event "6th Vardaris Open 2020"]
[Site "Thessaloniki"]
[Date "2020.03.01"]
[Round "5.3"]
[White "Kourkoulos-Arditis, Stamatis"]
[Black "Santiago, Yago De Moura"]
[Result "1-0"]
[WhiteElo "2470"]
[BlackElo "2488"]
[Annotator "TA"]
[PlyCount "113"]
[EventDate "2020.02.27"]
[EventType "swiss"]
[EventCountry "GRE"]
[SourceTitle "playchess.com"]
[Source "ChessBase"]
[SourceQuality "1"]

{[%evp 16,113,0,-2,29,10,7,11,26,-20,-20,-27,-18,-21,-6,-26,-12,-23,-20,-21,-18,-18,-18,-16,-30,-16,-16,-33,0,-108,-56,-92,-30,-91,0,0,0,0,0,0,0,0,0,0,0,0,0,0,233,243,448,446,463,447,454,454,454,433,505,515,727,708,906,842,938,997,964,903,924,823,1169,5616,4702,2855,8730,5716,29963,29964,29973,29973,29974,29974,29975,29975,29975,29976,29981,29982,29982,29983,29983,29984,29982,29983,29983,29983,29983,29984,29984,29981]} 1. e4 d6 2. d4 g6 3. Nc3 Bg7 4. Be3 Nf6 5. f3 c6 6. Qd2 b5 7. a4 b4 8. Nd1 a5 9. c3 Na6 {B07: Pirc Defence: Miscellaneous Systems.} 10. Bd3 O-O 11. Ne2 e5 {The position is equal.} 12. c4 exd4 13. Nxd4 Qc7 14. O-O Nc5 15. Be2 Re8 16. Nf2 Nfd7 17. Bh6 Bh8 18. b3 Nf8 19. Rad1 Nfe6 20. Nxe6 Bxe6 21. Qe3 {Threatening Bf4.} Qe7 22. g4 {[#]} (22. Bg5 $11 {remains equal.} Qf8 23. Bf4) 22... Rad8 (22... Bc3 $1 $17 23. Rc1 f6 24. Rxc3 bxc3) 23. f4 Bc8 ({Black should play} 23... Bc3 $17 24. e5 Bc8) 24. Bf3 (24. Bg5 $11 f6 25. Bh4) 24... d5 ({Better is} 24... Bc3 $17 25. e5 Bb7) 25. e5 $11 {[%cal Rc4d5]} Bb7 26. Rfe1 d4 27. Rxd4 Rxd4 28. Qxd4 Nxb3 29. Qb6 Nd2 30. Bxc6 Bxc6 31. Qxc6 {Strongly threatening Rd1.} b3 $2 {White now steadily converts the win.} (31... Qe6 $11 32. Qxe6 fxe6) 32. f5 $18 g5 $2 {[#]} (32... Rb8) 33. Bxg5 $1 {[%mdl 576] Double Attack} Nf3+ (33... Qxg5 34. Qxe8+) 34. Qxf3 Qxg5 35. Qxb3 Qd2 36. Qe3 Qxe3 37. Rxe3 Bxe5 {[%mdl 4096] Endgame KRB-KRN} 38. Kg2 f6 39. Nd3 Rc8 40. Nxe5 fxe5 41. Rxe5 Rxc4 42. Rxa5 Rxg4+ {KR-KR} 43. Kf3 Rh4 44. Kg3 Rb4 45. Ra7 h5 46. a5 {[%cal Ba4a5,Ba5a6,Ba6a7][%mdl 32] White mates.} h4+ 47. Kf3 Ra4 48. a6 Kf8 49. f6 h3 50. Kg3 Ke8 51. Re7+ Kf8 52. a7 Ra3+ 53. Kg4 Ra4+ 54. Kxh3 Ra3+ 55. Kg2 Ra2+ 56. Kf3 Ra3+ 57. Ke2 {Accuracy: White = 87%, Black = 55%.} 1-0

[Event "6th Vardaris Open 2020"]
[Site "Thessaloniki"]
[Date "2020.03.01"]
[Round "5.4"]
[White "Marin, Mihail"]
[Black "Papadopoulos, Panayotis"]
[Result "1-0"]
[WhiteElo "2502"]
[BlackElo "2220"]
[Annotator "TA"]
[PlyCount "81"]
[EventDate "2020.02.27"]
[EventType "swiss"]
[EventCountry "GRE"]
[SourceTitle "playchess.com"]
[Source "ChessBase"]
[SourceQuality "1"]

{[%evp 19,81,64,60,40,51,72,58,29,51,37,74,73,83,80,162,138,145,140,151,143,144,139,124,129,166,150,189,135,138,150,124,150,131,132,138,102,81,61,176,174,190,154,250,236,233,185,386,386,5406,2723,2733,481,457,456,481,481,481,481,6103,6103,1265,1148,29997,29998]} 1. d4 Nf6 2. Nf3 d6 3. c4 Nbd7 4. Nc3 e5 5. e4 c6 6. g3 Be7 7. Bg2 O-O 8. O-O Qc7 9. h3 Re8 10. Be3 Bf8 11. a3 {A55: Old Indian Defence with Nf3 and e4.} a6 12. Qc2 b5 13. Nd2 {White is slightly better.} Bb7 {[#]} 14. cxb5 $146 ({Predecessor:} 14. Rac1 Rac8 15. Qb1 Qb8 16. b4 Qa8 17. Rfe1 g6 18. a4 bxa4 19. Nxa4 Rb8 20. dxe5 dxe5 {½-½ (59) Padevsky,N (2480)-Vizantiadis,L (2290) Albena 1977}) 14... cxb5 15. d5 Be7 16. Rfc1 Bd8 (16... Rec8 $16 {was called for.}) 17. Qd3 Qb8 18. b4 Nb6 19. a4 bxa4 20. Nxa4 Nxa4 21. Rxa4 Bc8 22. Qa3 Nd7 23. Nc4 ({White should play} 23. b5 $18 {[%cal Rb5a6]} Bb6 24. Nc4 (24. bxa6 Bxe3 25. fxe3 Ra7 $18) 24... Bxe3 25. Qxe3 (25. fxe3 Nc5 $16)) 23... Nb6 $16 24. Nxb6 Bxb6 25. Bxb6 Qxb6 26. Rc6 Qb8 27. Ra5 Bb7 28. Rc1 Rc8 {[#]} (28... Qd8 $14) 29. Rxc8+ $1 $18 Qxc8 30. b5 axb5 (30... Qc5 $16 {might work better.}) 31. Rxa8 Qxa8 32. Qxd6 f6 $2 (32... h6 33. Qe7 (33. Qxe5 b4 $16) 33... Bc8 34. Qe8+ (34. Qxe5 Bd7 $18) 34... Kh7) 33. Bf1 Bc8 $2 (33... b4 34. Qe7 h6) 34. Qd8+ Kf7 35. Qc7+ (35. Bxb5 $142 {[%csl Gb5][%cal Rd8e8]} Bb7 36. Qd7+ Kg6 37. Qf5+ Kf7 38. Qe6+ Kf8 39. d6 Bd5 40. Qe7+ Kg8 41. d7) 35... Kg6 36. d6 b4 {If Black can now play ...b3 this consolidates a bit.} 37. d7 Bxd7 38. Qxd7 Qa1 (38... Qf8 $142 39. Be2 Kh6) 39. Qe8+ Kh6 40. g4 {[%csl Gg4][%cal Re8h5] [#]} g5 41. Qf7 {Accuracy: White = 82%, Black = 34%.} 1-0

[Event "6th Vardaris Open 2020"]
[Site "Thessaloniki"]
[Date "2020.03.01"]
[Round "5.5"]
[White "Chatzieleftheriou, Andreas"]
[Black "Stanojoski, Zvonko"]
[Result "0-1"]
[WhiteElo "2167"]
[BlackElo "2435"]
[Annotator "TA"]
[PlyCount "166"]
[EventDate "2020.02.27"]
[EventType "swiss"]
[EventCountry "GRE"]
[SourceTitle "playchess.com"]
[Source "ChessBase"]
[SourceQuality "1"]

{[%evp 14,166,29,23,72,59,63,67,71,75,83,50,54,48,52,23,53,52,45,46,72,35,80,49,49,0,3,0,0,0,0,0,0,0,0,0,0,0,0,0,51,47,55,14,30,42,29,10,9,0,7,0,0,0,0,0,0,0,0,0,33,0,23,0,13,0,0,0,0,0,0,0,0,-27,-27,-27,0,-31,-31,-191,-187,-180,-180,-198,-188,-181,-181,-187,-187,-187,-156,-296,-262,-661,-379,-375,-358,-347,-270,-511,-502,-629,-629,-621,-612,-583,-560,-463,-349,-339,-338,-319,-339,-699,-693,-561,-563,-649,-598,-598,-598,-574,-489,-523,-481,-1187,-1141,-897,-843,-796,-775,-1531,-1417,-854,-630,-29984,-1477,-6174,-6174,-6353,-6327,-6301,-6271,-6239,-6231,-6217,-6206,-6191,-6191,-6159,-6141,-6126,-6126,-6079,-6079]} 1. e4 c5 2. c3 Nf6 3. e5 Nd5 4. d4 cxd4 5. cxd4 e6 6. Nf3 d6 7. Bc4 Nb6 8. Bd3 h6 {8...dxe5 gains popularity. B22: Sicilian: 2 c3.} 9. O-O Nc6 10. Nc3 d5 {White is slightly better.} 11. Be3 Bd7 {[#]} 12. Nd2 $146 ({Predecessor:} 12. b3 Be7 13. g3 Nb4 14. Bb1 Rc8 15. Qd2 a5 16. a3 Nc6 17. Bd3 Ra8 18. Qe2 a4 19. b4 {0-1 (40) Schjelderup,N (1570)-Handberg,R (1480) Tromsoe 2008}) 12... Rc8 13. f4 g6 14. Qe2 Na5 15. Bf2 a6 16. Nf3 Be7 17. Rac1 Nbc4 18. b3 Na3 19. Nb1 Nc6 20. Qb2 Nb4 21. Rxc8 Qxc8 22. Rc1 Qd8 23. Be2 Nxb1 24. Qxb1 Qa5 25. a4 O-O 26. Bh4 Qd8 (26... Bxh4 $11 27. Nxh4 Rc8) 27. Bxe7 $14 Qxe7 28. Qb2 a5 29. Qd2 Kg7 30. g3 Rb8 31. h4 Qd8 32. Kg2 Rc8 33. Rc3 Rc7 34. Kf2 Qc8 35. Rxc7 Qxc7 36. Ne1 b6 37. Ke3 Bc8 38. Kf2 Bb7 39. Ke3 Qc8 40. Kf2 Ba6 41. Bxa6 Qxa6 42. Qc3 Qb7 43. Nc2 Nxc2 44. Qxc2 $11 {[%mdl 4096] Endgame KQ-KQ} Qe7 45. Qd2 Qa3 46. Qe3 $2 {White does not recover from this.} (46. Qc2 $15) 46... Qb2+ 47. Kf1 Qc2 48. Kg1 h5 49. Kh1 Kf8 50. Kg1 Ke7 51. Kf1 Kd7 52. Ke1 (52. f5 $17 {was the only chance.}) 52... Kc6 $19 53. Qe2 $2 (53. f5 gxf5 54. Qg5 Qe4+ 55. Kf1 Qxd4 56. Qxh5) 53... Qc3+ 54. Kf2 Qxd4+ 55. Kf1 {intending Qb5+.} Qb4 56. Qa6 $2 (56. Qc2+ Kb7 57. Ke2) 56... Kc5 57. Qb7 Qxb3 58. Qxf7 Qf3+ 59. Ke1 Qxg3+ {[%mdl 64] [#] Double Attack} 60. Kd2 Kd4 61. Qxe6 Qxf4+ {[%mdl 64] Double Attack} 62. Kd1 Qf1+ 63. Kd2 $2 (63. Kc2 Qe2+ 64. Kb1) 63... Qg2+ 64. Kc1 Kd3 {[%csl Gd3][%cal Rg2c2] [#]} 65. Kb1 Qc2+ 66. Ka1 Qxa4+ 67. Kb1 Qb5+ 68. Kc1 Qc5+ 69. Kb1 (69. Kb2 $142 Kc4 70. Qxg6) 69... Qg1+ 70. Ka2 Ke4 71. Qd6 Qh2+ 72. Kb1 Qxe5 73. Qxg6+ Kf4 74. Qxb6 a4 (74... Qe4+ $142 75. Ka1 Qa4+ 76. Kb1 Qb4+ 77. Qxb4+ axb4 78. Kc1 Ke3 79. Kc2 d4 80. Kd1 d3 81. Kc1 Ke2 82. Kb2 d2 83. Kb3 d1=Q+ 84. Kc4 Qd6 85. Kb5 b3 86. Ka4 b2 87. Kb3 b1=Q+ 88. Kc4 Qbd3#) 75. Qf2+ {Black is clearly winning.} Kg4 76. Qg2+ Kxh4 77. Qh1+ Kg4 {( -> ...Qe4+)} 78. Qd1+ Kg5 79. Qg1+ Kf5 80. Qf1+ Qf4 81. Qh3+ Kf6 82. Qc3+ Kg6 83. Qc6+ Kg5 {Accuracy: White = 56%, Black = 81%.} 0-1

[Event "6th Vardaris Open 2020"]
[Site "Thessaloniki"]
[Date "2020.03.01"]
[Round "5.6"]
[White "Bullen, Alex"]
[Black "Nesteretz, Anatoliy"]
[Result "1/2-1/2"]
[WhiteElo "2085"]
[BlackElo "2385"]
[Annotator "TA"]
[PlyCount "63"]
[EventDate "2020.02.27"]
[EventType "swiss"]
[EventCountry "GRE"]
[SourceTitle "playchess.com"]
[Source "ChessBase"]
[SourceQuality "1"]

{[%evp 11,63,16,25,17,44,0,0,0,33,28,55,24,27,26,136,134,87,45,152,151,219,208,339,339,337,304,466,454,480,483,476,437,379,160,156,101,103,109,143,94,98,89,74,52,75,0,74,32,24,14,23,0,17,0]} 1. d4 Nf6 2. Nf3 g6 3. Nbd2 Bg7 4. e4 d6 5. Bd3 O-O 6. O-O Nc6 7. Re1 {B07: Pirc Defence: Miscellaneous Systems.} e5 8. dxe5 dxe5 9. Nc4 Nd7 10. c3 a5 11. Bg5 f6 12. Be3 f5 (12... Qe7 $11 {keeps the balance.}) 13. exf5 $16 gxf5 {next ...e4 is good for Black.} 14. Ng5 {Ne6 is the strong threat.} Qe8 {[#]} (14... Qe7 $1 $14) 15. Na3 $1 $36 {[%mdl 2048] White has strong initiative.} Kh8 (15... e4 $16 {is a better defense.}) 16. Nb5 $18 e4 (16... Rb8 $142 17. Nxc7 Qg6) 17. Nxc7 {[%mdl 64] Double Attack} Qg6 18. Nge6 Rg8 (18... Rb8 {was necessary.} 19. Nxf8 Nxf8) 19. Nf4 ({Less strong is} 19. Nxa8 Qxe6 20. Be2 Bh6 $18) 19... Qd6 20. Nxa8 exd3 21. Qxd3 Qb8 22. Nb6 (22. Nh5 $18) 22... Nxb6 $16 23. Ng6+ (23. Nh5 $142 Qc7 24. Rad1) 23... hxg6 24. Bxb6 {[#] White wants to mate with Qh3+.} Rf8 25. Bc5 {Hoping for Bd6.} Rd8 26. Qh3+ Kg8 27. Bb6 Rf8 28. Bc5 (28. Qf3 $16) 28... f4 (28... Rd8 $11) 29. Qh4 Rd8 30. Bb6 Rf8 31. Bc5 Rd8 32. Bb6 {White really could win this. Accuracy: White = 61%, Black = 31%.} 1/2-1/2

[Event "6th Vardaris Open 2020"]
[Site "Thessaloniki"]
[Date "2020.03.01"]
[Round "5.7"]
[White "Vestby-Ellingsen, Mads"]
[Black "Gu, Tianlu"]
[Result "1/2-1/2"]
[WhiteElo "2357"]
[BlackElo "2253"]
[Annotator "TA"]
[PlyCount "240"]
[EventDate "2020.02.27"]
[EventType "swiss"]
[EventCountry "GRE"]
[SourceTitle "playchess.com"]
[Source "ChessBase"]
[SourceQuality "1"]

{[%evp 15,240,16,18,16,7,6,23,20,15,-3,44,43,181,57,39,0,0,0,0,0,0,0,4,0,21,19,21,18,69,10,7,11,13,3,3,4,6,10,4,8,6,11,34,26,79,79,79,79,75,75,75,75,112,112,112,112,112,112,112,112,112,112,120,112,112,112,112,112,112,110,102,82,147,130,135,131,215,185,345,317,379,147,438,430,376,166,182,164,177,164,180,171,245,242,219,176,175,172,156,135,155,0,142,141,134,130,5531,110,228,229,197,203,221,196,214,182,181,0,186,0,180,171,171,0,199,155,155,155,140,126,124,116,125,43,158,161,161,162,375,167,151,142,149,171,147,165,309,316,467,444,669,792,792,792,337,89,89,89,171,89,89,107,89,114,12837,12837,12837,12837,12837,89,12839,89,89,89,89,89,89,89,89,0,0,0,0,0,0,0,0,0,0,0,0,0,0,0,0,0,0,0,0,0,0,0,0,0,0,0,0,0,0,0,0,0,0,0,0,0,0,0,0,0,0,0,0,0,0,0,0]} 1. d4 d5 2. c4 e6 3. Nf3 Nf6 4. g3 dxc4 5. Bg2 c5 6. O-O Nc6 7. Qa4 Bd7 8. Qxc4 b5 9. Qc3 {E04: Open Catalan: 5 Nf3.} b4 10. Qd3 Rc8 11. dxc5 {White has an edge.} Bxc5 12. Nbd2 Na5 13. Ne5 Qb6 (13... Ba4 $14) 14. Nxd7 (14. Ne4 $18 {Strongly threatening Nxf6+.} Qb5 15. Nxd7 Qxd7 16. Nxc5 Rxc5 17. Qxd7+ Kxd7 18. Rd1+ Ke7 19. Bd2) 14... Nxd7 $14 15. Nf3 Nc6 16. Bg5 h6 17. Rad1 Nde5 18. Nxe5 Nxe5 19. Qe4 Nd7 20. Bf4 {Threatens to win with Qb7.} Nf6 21. Qf3 Bd4 ({Better is} 21... Ke7 $11) 22. Qb7 (22. e3 $14 Bxb2 23. Bd6) 22... O-O $11 23. Qxb6 Bxb6 24. Bd6 Rfd8 25. Bxb4 Rxd1 $1 26. Rxd1 Rc2 27. Bf3 {With the idea Bc3.} Rxb2 28. a3 e5 {White should prevent ...e4.} 29. Bc3 Rb3 (29... Rb5 $11) 30. Bxe5 $16 Rxa3 31. Bxf6 gxf6 {[%mdl 4096] Endgame KRB-KRB} 32. Rd7 Ra1+ 33. Kg2 Ra2 34. Bh5 Rc2 35. Bxf7+ ({Reject} 35. Rxf7 Rc5 $15) 35... Kf8 36. Bh5 Rc7 37. Rd8+ Kg7 38. Rb8 Bc5 39. Be8 a5 40. h4 Ra7 41. Ba4 Bb4 42. f4 Rc7 43. h5 Ra7 (43... Be1 $142) 44. Kf3 Rc7 45. e4 Re7 (45... Be1 $16 46. Kg4 Bc3) 46. Ra8 $1 $18 Rc7 $2 (46... Bc3 {was called for.} 47. Bb3 Kh7 48. Bg8+ Kg7) 47. Kg4 Be1 48. Ra6 $2 (48. Bb3 $18 {has better winning chances.}) 48... Rc4 $2 {[%mdl 8192]} (48... Bf2 $16 49. Rxa5 Ra7 50. Rxa7+ Bxa7) 49. Bc6 $1 Rc3 50. Ra7+ (50. Kf5 $142) 50... Kh8 51. Bd5 {Hoping for Kf5.} Rxg3+ 52. Kf5 Bc3 53. Bf7 Kg7 (53... Rg2 $142 54. Bc4 Rg3) 54. Rc7 Bd4 55. Bd5+ Kh8 56. Rc8+ Kh7 57. Ra8 Bc3 58. Ra7+ Kh8 $1 59. Bc4 Rg2 60. Bf7 Kg7 $2 {[%mdl 8192]} (60... Rg3 $16 61. Bd5 Rg7) 61. Ke6 $2 (61. e5 $18 {White wants to mate with Bg6+.} Bd4 62. exf6+ Kf8 63. Rc7) 61... Rg4 (61... Rf2 $16) 62. Bg6+ $1 Kg8 63. Rc7 Bb2 64. Rc2 Ba1 65. Rc1 Bb2 66. Rc2 Ba1 $1 67. Rc1 Bb2 $1 {[%cal Rb2c1]} 68. Rc8+ Kg7 69. Rc7+ Kg8 $1 70. Rb7 Bc3 71. Rb3 Ba1 72. Kf5 Rg1 73. Ra3 Rf1 74. Rxa5 ({White should play} 74. Ke6 $1 $16) 74... Bc3 (74... Be5 $1 $14) 75. Ra8+ $1 $16 Kg7 76. Ra7+ Kg8 $2 (76... Kf8 {keeps fighting.} 77. Bh7 Be5) 77. Bf7+ (77. Bh7+ $142 Kf8 78. Ke6) 77... Kf8 $18 78. Bc4 Rf2 79. Rf7+ Ke8 80. Rh7 Bd2 (80... Kf8 {was worth a try.} 81. Kg4 (81. Rxh6 Rxf4+ 82. Kxf4 Bd2+ 83. Kg4 Bxh6 $14) 81... Rg2+ 82. Kf3 Rh2) 81. Ke6 {[%cal Rh7h8]} ({Not} 81. Kxf6 Rxf4+ 82. Ke5 Rg4 $16) 81... Kf8 (81... Kd8 $142 82. Rd7+ (82. Rxh6 Rxf4 83. Rh8+ Kc7 $18) 82... Ke8) 82. Rf7+ Ke8 83. Bb5+ Kd8 84. Rd7+ Kc8 85. Rxd2 $2 ({Less strong is} 85. Kxf6 Bxf4 86. Rh7 Rh2 $16) (85. Ba6+ $18 {and White stays clearly on top.} Kb8 86. Rb7+ Ka8 87. Rb2) 85... Rxd2 $16 86. Kxf6 $18 {Black must now prevent e5. KR-KB} Rd4 87. Ke5 $1 {[%cal Re5d4]} Rb4 88. Bc6 Kc7 89. Bd5 {Ke6 is the strong threat.} Kd7 $2 {[%mdl 8192] [#]} (89... Rb6 $16) 90. Kf6 $1 Rb1 91. e5 Ke8 92. f5 $2 (92. Bf7+ $18 Kf8 93. e6) 92... Rd1 $2 {[%mdl 8192] [#]} (92... Kf8 $16 93. Bf3 Rb3) 93. Bc6+ $2 (93. Bf7+ $1 $18 {and the rest is easy.} Kf8 94. e6) 93... Kf8 $16 94. Bb5 Rb1 95. Bc4 Rc1 96. Bd5 Ra1 97. e6 (97. Ke6 $16) 97... Re1 $11 {The position is equal.} 98. Bc6 Re3 99. Bb7 Re1 100. Bd5 Re3 101. Ba8 Re1 102. Bb7 Re3 103. Bd5 Re1 104. Bb7 Re3 105. Bc8 Re1 106. Bd7 Re3 107. Kg6 Rg3+ 108. Kxh6 {aiming for f6.} Ke7 109. Kh7 Rg5 110. h6 Rxf5 111. Kg6 Rf2 112. h7 Rg2+ 113. Kh6 Rh2+ 114. Kg7 Rg2+ 115. Kh6 Rh2+ 116. Kg6 Rg2+ 117. Kf5 Rh2 118. Kg6 Rg2+ 119. Kh6 Rh2+ 120. Kg7 Rg2+ {Black defended with fortune. Accuracy: White = 75%, Black = 65%.} 1/2-1/2

[Event "6th Vardaris Open 2020"]
[Site "Thessaloniki"]
[Date "2020.03.01"]
[Round "5.8"]
[White "Koutlas, Nikolaos"]
[Black "Trimitzios, Petros"]
[Result "0-1"]
[WhiteElo "2030"]
[BlackElo "2353"]
[Annotator "TA"]
[PlyCount "56"]
[EventDate "2020.02.27"]
[EventType "swiss"]
[EventCountry "GRE"]
[SourceTitle "playchess.com"]
[Source "ChessBase"]
[SourceQuality "1"]

{[%evp 9,56,3,16,-27,-29,-33,11,6,21,11,12,11,56,51,61,50,75,75,83,48,79,45,36,-29,-22,-233,-239,-369,-358,-376,-376,-376,-376,-372,-370,-514,-506,-501,-483,-635,-629,-625,-436,-741,-725,-1060,-1040,-1422,-1278]} 1. c4 e5 2. g3 h5 3. Bg2 h4 4. d4 exd4 5. Qxd4 Nc6 6. Qe4+ {A20: English Opening: 1...e5.} Be7 7. Bg5 Kf8 (7... d6 {seems wilder.} 8. gxh4 Be6 9. Nf3 Nf6 10. Qf4 Qd7) 8. Bxe7+ {[#] The position is equal.} Ngxe7 $146 ({Predecessor:} 8... Qxe7 9. Qxe7+ Ngxe7 10. Nc3 a6 11. Nh3 d6 12. Nf4 h3 13. Be4 Be6 14. Ncd5 Rc8 {½-½ (93) Koskoska,G (2026)-Alboredo,J (2174) Batumi 2018}) 9. Nc3 d6 10. g4 Be6 11. h3 $1 Qd7 12. Nf3 Re8 13. Ng5 Ng6 14. Nxe6+ Rxe6 15. Qc2 Nf4 16. Be4 (16. Bd5 $14) 16... Nd4 $11 17. Qd2 $2 {[#] White does not recover from this.} (17. Qb1 $11 {and White stays safe.} b5 18. e3 bxc4 19. Qd1 (19. exf4 d5 $17 {[%mdl 64] Pin})) 17... Nfxe2 $1 $19 {[%mdl 512]} 18. f3 {[#]} (18. Kf1 {might work better.} Nxc3 19. bxc3 Rxe4 20. cxd4) (18. Nxe2 Rxe4) 18... Rxe4 $1 {[%mdl 576] Remove Defender} 19. fxe4 {aiming for Rf1.} (19. Nxe4 Nxf3+) 19... Nf3+ {[%mdl 64] Double Attack} 20. Kxe2 Nxd2 21. Kxd2 Rh6 22. Raf1 Qe6 {Black is clearly winning.} 23. Kd3 Rf6 24. Nd5 Rxf1 25. Rxf1 c6 26. Nf4 (26. Nc3 $142) 26... Qf6 27. Rf2 g5 28. e5 dxe5 {[%mdl 64] Pin. Accuracy: White = 28%, Black = 70%.} 0-1